MARC

LEADER 00000nam0a2200000 4500
001 97093
005 20231031110802.0
020 |a RU  |b 86-96614 
035 |a (RuTPU)RU\TPU\book\104069 
090 |a 97093 
100 |a 20060523d1986 m y0rusy5003 ca 
101 1 |a rus  |c ger 
102 |a RU 
105 |a a z 001zy 
200 1 |a Виды брака в производстве стекла  |e пер. с нем.  |f под ред. Г. Иебсена-Марведеля; Р. Брюкнера 
210 |a Москва  |c Стройиздат  |d 1986 
215 |a 647,[1] с.  |c ил. 
320 |a Библиография в конце глав. 
610 1 |a стекольное производство 
610 1 |a брак 
610 1 |a стекло 
610 1 |a пороки 
610 1 |a методы обнаружения 
610 1 |a стекломасса 
610 1 |a готовые изделия 
675 |a 666.11  |z rus 
702 1 |a Иебсен-Марведель  |b Г.  |g Ганс  |4 340 
702 1 |a Брюкнер  |b Р.  |4 340 
801 0 |a RU  |b RuMRKP  |c 19950417  |g psbo 
801 1 |a RU  |b 63413507  |c 20060523  |g PSBO 
801 2 |a RU  |b 63413507  |c 20071002  |g PSBO 
942 |c BK